000 00774nam1a22002171i 4500
001 rc\30181
005 20240726014724.0
035 _a(NLR Aleph) 005398191
090 _a7248512
_c7248512
100 _a20021216d1993 u |0rusy50 ca
101 0 _arus
102 _aRU
105 _ay |||||||||
200 1 _aИнструментальные средства персональных ЭВМ
_eУчеб. пособие для втузов
_eВ 10 кн.
_fПод ред. Б.Г. Трусова
210 _aМ.
_cВысш. шк.
_d1993
215 _d21
225 1 _aАссемблер, Фортран-77, Турбо ПАСКАЛЬ, MS-DOS, ТурбоСИ. ТурбоПролог
801 0 _aRU
_bNLR
_gpsbo
801 1 _aRU
_bELAR
_2rusmarc
852 _aNLR
_j92-3/8328
942 _cBOOK